Calidad del recurso hídrico de Bogotá (2011-2012) / (Registro nro. 18768)
[ vista simple ]
| 000 -CABECERA | |
|---|---|
| Campo de control | 01563nam a2200325 4500 |
| 005 - FECHA Y HORA DE LA ULTIMA TRANSACCION | |
| Campo de control | 20160601171821.0 |
| 008 - ELEMENTOS DE LONGITUD FIJA—INFORMACION GENERAL | |
| Campo de control | 160601s2012 ck ad|||r|||| 00| 0 spa d |
| 020 ## - ISBN | |
| ISBN | 9789586958325 |
| 040 ## - FUENTE DE CATALOGACIÓN | |
| Agencia catalogadora original | CO-BoIAVH |
| Agencia transcriptora | CO-BoIAVH |
| 041 0# - IDIOMA | |
| Código de idioma para texto/pista de sonido o título separado | Español |
| 044 ## - PAÍS DE PUBLICACIÓN | |
| País de publicación | Colombia |
| 082 04 - NUMERO DE CLASIFICACION DECIMAL DEWEY | |
| Número de clasificación | 628.161 |
| Número del ítem | R69c4 |
| 100 1# - ASIENTO PRINCIPAL--NOMBRE PERSONAL | |
| Nombre personal | Rodríguez Susa, Manuel Salvador |
| Término relacionado | autor |
| 9 (RLIN) | 25460 |
| 245 10 - MENCION DE TITULO | |
| Título | Calidad del recurso hídrico de Bogotá (2011-2012) / |
| Mención de responsabilidad | Manuel Salvador Rodríguez Susa [y otros 3] |
| 250 ## - MENCION DE EDICION | |
| Mención de edición | Primera edición |
| 260 ## - PUBLICACION, DISTRIBUCION, ETC. (PIE DE IMPRENTA) | |
| Lugar de publicación, distribución, etc. | Bogotá : |
| Nombre del editor, distribuidor, etc. | Universidad de los Andes, Facultad de Ingeniería, Departamento de Ingeniería Civil y Ambiental, Ediciones Uniandes : |
| -- | Alcaldía Mayor, Secretaría Distrital de Ambiente, |
| Fecha de publicación, distribución, etc. | 2012. |
| 300 ## - DESCRIPCION FISICA | |
| Extensión | 272 páginas : |
| Otros detalles físicos | ilustraciones, tablas y gráficas ; |
| Dimensiones | 28 x 21 cm. |
| 504 ## - NOTA DE BIBLIOGRAFIA, ETC. | |
| Nota de bibliografía | Incluye referencias bibliográficas. |
| 650 16 - ASIENTO SECUNDARIO DE MATERIA - TERMINO TEMATICO | |
| Término temático o nombre geográfico como elemento de entrada | Recursos hídricos |
| Subdivisión cronológica | 2011 - 2012 |
| 9 (RLIN) | 71274 |
| 650 26 - ASIENTO SECUNDARIO DE MATERIA - TERMINO TEMATICO | |
| Término temático o nombre geográfico como elemento de entrada | Calidad del agua |
| Subdivisión cronológica | 2011 - 2012 |
| 9 (RLIN) | 71275 |
| 650 26 - ASIENTO SECUNDARIO DE MATERIA - TERMINO TEMATICO | |
| Término temático o nombre geográfico como elemento de entrada | Corrientes de agua |
| Subdivisión cronológica | 2011 - 2012 |
| 9 (RLIN) | 71276 |
| 650 26 - ASIENTO SECUNDARIO DE MATERIA - TERMINO TEMATICO | |
| Término temático o nombre geográfico como elemento de entrada | Abastecimiento de agua |
| Subdivisión general | Control de calidad |
| Subdivisión cronológica | 2011 - 2012 |
| 9 (RLIN) | 71277 |
| 651 ## - ASIENTO SECUNDARIO DE MATERIA - NOMBRE GEOGRAFICO | |
| Nombre geográfico | Bogotá (Colombia) |
| 9 (RLIN) | 71278 |
| 700 1# - ASIENTO SECUNDARIO - NOMBRE PERSONAL | |
| Nombre personal | Porras, Lina Sabrina |
| Término de relación | autora |
| 9 (RLIN) | 71255 |
| 700 1# - ASIENTO SECUNDARIO - NOMBRE PERSONAL | |
| Nombre personal | Pérez Hoyos, Alma Patricia |
| Término de relación | autora |
| 9 (RLIN) | 25462 |
| 700 1# - ASIENTO SECUNDARIO - NOMBRE PERSONAL | |
| Nombre personal | Zamora Vacca, Francy Nataly |
| Término de relación | autora |
| 9 (RLIN) | 71271 |
| 710 2# - ASIENTO SECUNDARIO - NOMBRE CORPORATIVO | |
| Nombre corporativo o de jurisdicción como elemento de entrada | Universidad de los Andes (Bogotá, Colombia) |
| Unidad subordinada | Facultad de Ingeniería |
| -- | Departamento de Ingeniería Civil y Ambiental |
| 9 (RLIN) | 71279 |
| 710 1# - ASIENTO SECUNDARIO - NOMBRE CORPORATIVO | |
| Nombre corporativo o de jurisdicción como elemento de entrada | Bogotá (Colombia) |
| Unidad subordinada | Alcaldía Mayor de Bogotá, D.C. |
| -- | Secretaría Distrital de Ambiente |
| 9 (RLIN) | 71280 |
| 942 ## - ELEMENTOS ADICIONALES (KOHA) | |
| Sistema de clasificación | Dewey Decimal Classification |
| Tipo de ítem | Libro |
| Withdrawn status | Lost status | Sistema de Clasificación | Damaged status | No para préstamo | Colección | Inventariado | Ubicación Permanente | Ubicación actual | Fecha de adquisición | Fuente de Valor | Valor | Total Checkouts | Número topográfico | Inventario / Código de Barras | Date last seen | Ejemplar | Price effective from | Forma de adquisición | Tipo de material |
|---|---|---|---|---|---|---|---|---|---|---|---|---|---|---|---|---|---|---|---|
| Dewey Decimal Classification | General | Inventariado 2017 | Bogotá | Bogotá | 01/06/2016 | Instituto | 39000.00 | LB-628.161 R69c4 | 040421 | 01/06/2016 | Ej. 1 | 01/06/2016 | Donación | Libro |